LEADER 01443nam 2200433 450 001 9910480148103321 005 20160530011412.0 035 $a(CKB)3710000000673321 035 $a(EBL)4530015 035 $a(MiAaPQ)EBC4530015 035 $a(EXLCZ)993710000000673321 100 $a20160608h20162016 uy 0 101 0 $aeng 135 $aur|n|---||||| 181 $2rdacontent 182 $2rdamedia 183 $2rdacarrier 200 10$aPerspectives on Arabic Linguistics XXVIII $epapers from the Annual Symposium on Arabic Linguistics, Gainesville, Florida, 2014 /$fedited by Youssef A. Haddad, Eric Potsdam 210 1$aAmsterdam, Netherlands ;$aPhiladelphia, Pennsylvania :$cJohn Benjamins Publishing Company,$d2016. 210 4$dİ2016 215 $a1 online resource (262 p.) 225 1 $aStudies in Arabic Linguistics,$x2212-8042 ;$vVolume 4 300 $aDescription based upon print version of record. 311 $a90-272-0032-7 311 $a90-272-6689-1 410 0$aStudies in Arabic linguistics ;$vVolume 4. 606 $aArabic language$vCongresses 606 $aArabic language 608 $aElectronic books. 615 0$aArabic language 615 0$aArabic language. 676 $a492.705 801 0$bMiAaPQ 801 1$bMiAaPQ 801 2$bMiAaPQ 906 $aBOOK 912 $a9910480148103321 996 $aPerspectives on Arabic Linguistics XXVIII$92030354 997 $aUNINA